000 00939nam a2200217Ia 4500
999 _c39336
_d39336
001 5922
003 GE_BSU
005 20190822113409.0
008 181216s1940||||ge |||||||||||||| ||geo||
040 _cGE_BSU
041 _ageo
080 _a821.353.1-1 ა-13
100 _aაბაშიძე, გრიგოლ
_91383
245 _aასფურცელა 1934-1940 :
_b [ლექსები და პოემები] /
_cგრიგოლ აბაშიძე ; რედ. კ. ბობოხიძე.
264 _aთბილისი :
_b(სახელგამი მხატვრული ლიტერატურის სექტორი) ;
_c1940.
300 _a111 გვ. ;
_c18 სმ.
653 _aასფურცელა
653 _aლექსები და პოემები
700 _aბობოხიძე, კ.
_eრედაქტორი
_93666
942 _cBK
_2udc